[Event "World Team-ch 2017"]
[Site "Khanty-Mansyisk"]
[Date "2017.06.25"]
[Round "8"]
[White "Ding, Liren"]
[Black "Urkedal, Frode"]
[Result "1-0"]
[WhiteElo "2783"]
[BlackElo "2541"]
[Annotator "TA"]
[PlyCount "87"]
[EventDate "2017.??.??"]
[EventType "team-tourn"]
[EventCountry "RUS"]
[SourceTitle "playchess.com"]
[Source "ChessBase"]
[SourceQuality "1"]
[WhiteTeam "CHN"]
[BlackTeam "NOR"]
[WhiteTeamCountry "CHN"]
[BlackTeamCountry "NOR"]

{[%evp 19,87,14,18,13,14,5,25,20,9,-40,-27,-16,-13,0,0,0,3,0,33,41,52,19,41,45,46,45,58,41,46,22,18,0,51,28,61,62,57,57,87,0,72,70,95,103,144,145,177,186,180,167,200,196,367,349,469,465,426,272,274,199,350,360,29986,29987,29987,29987,29992,29993,29993,29994]} 1. d4 Nf6 2. c4 e6 3. Nf3 b6 4. g3 Ba6 5. Nbd2 Bb4 6. Qc2 Bb7 7. Bg2 c5 8. O-O {E15: Queen's Indian: 4 g3 sidelines, 4 g3 Ba6 and 4 g3 Bb7 early deviations} (8. a3 Be4 9. Qd1 Bxd2+ 10. Qxd2 Nc6 11. dxc5 bxc5 12. O-O Qe7 13. Qc3 O-O 14. Rd1 Rfd8 15. Bg5 Rab8 {½-½ (105) Idani,P (2576)-Maghsoodloo,P (2576) Teheran 2017}) 8... cxd4 9. Nxd4 Bxg2 10. Kxg2 O-O {LiveBook: 7 Games} 11. e4 Qc7 12. N2f3 Nc6 $146 ({Predecessor:} 12... Qb7 13. a3 Be7 14. Re1 d6 15. b3 Nbd7 {½-½ (62) Laxman,R (2401)-Narayanan,S (2475) Barbera del Valles 2013}) 13. Nb5 Qb7 14. Rd1 a6 15. Nd6 Bxd6 (15... Qc7 $5 {[%cal Rb4d6]} 16. Qd3 Ng4 $11) 16. Rxd6 Nb4 17. Qa4 Nc6 18. Qd1 Ra7 19. Qe2 b5 20. c5 Na5 21. Rd4 Nc6 22. Rd1 b4 23. Bg5 Qb5 24. Rd3 Ng4 25. Bf4 Nf6 (25... e5 $11 26. Bd2 f5 27. exf5 Nf6) 26. Rad1 Rb7 27. Bd6 Rc8 28. Qe3 Qc4 29. Nd2 ({White should try} 29. Nd4 $16 {Threatens to win with b3.} Nxd4 30. Qxd4 Qxa2 31. Be7) 29... Qxa2 (29... Qc2 $11 {remains equal.} 30. Nb3 Qxb2) 30. b3 $1 $16 Qa5 31. Nc4 $36 {[%mdl 2048] Keeping Black busy.} Qb5 32. Bf4 {Strongly threatening Nd6.} Ne8 33. Nb6 $1 {[%cal Rb6c8]} ({Don't play} 33. Rxd7 $6 Rxd7 34. Rxd7 e5 $16) 33... Rd8 34. Nxd7 h6 35. e5 Rc8 $2 {[#]} (35... Rdxd7 36. Rxd7 Rxd7 37. Rxd7 a5) 36. Bxh6 $1 $18 Ne7 {[#]} 37. Bxg7 $1 Kxg7 38. Qg5+ Ng6 {With the idea ...Rxd7.} 39. h4 {[%cal Bh2h4,Bh4h5][%mdl 32] Hoping for h5.} Rxd7 $2 (39... Rxc5 40. Nxc5 Qxc5) 40. Rxd7 {Intending h5 and mate.} Rxc5 $2 (40... Qc6+ $18 41. Kg1 Rc7) 41. h5 {White mates.} Qc6+ 42. Kg1 Qe4 43. hxg6 Qxg6 {[#]} 44. Rxf7+ $1 {[%mdl 512] Precision: White = 56%, Black = 33%.} 1-0

[Event "World Team-ch 2017"]
[Site "Khanty-Mansyisk"]
[Date "2017.06.25"]
[Round "8"]
[White "Nepomniachtchi, Ian"]
[Black "Adhiban, B."]
[Result "1/2-1/2"]
[WhiteElo "2732"]
[BlackElo "2670"]
[Annotator "TA"]
[PlyCount "77"]
[EventDate "2017.??.??"]
[EventType "team-tourn"]
[EventCountry "RUS"]
[SourceTitle "playchess.com"]
[Source "ChessBase"]
[SourceQuality "1"]
[WhiteTeam "RUS"]
[BlackTeam "IND"]
[WhiteTeamCountry "RUS"]
[BlackTeamCountry "IND"]

{[%evp 20,77,3,4,34,27,23,14,28,23,29,2,6,2,6,0,33,16,19,39,34,21,17,14,16,16,68,71,57,23,28,9,20,12,25,23,40,6,12,8,10,5,0,0,0,0,0,0,0,0,0,0,0,0,0,0,0,0,0,0]} 1. c4 Nf6 2. Nc3 g6 3. Nf3 Bg7 4. g3 O-O 5. Bg2 d6 6. O-O e5 7. d3 Nc6 8. Rb1 a5 9. a3 Nd4 10. Nxd4 exd4 11. Nb5 {LiveBook: 17 Games. A26: English Opening vs King's Indian with ...Nc6 and d3} Nh5 {[#] And now ...c6 would win.} (11... Ne8 12. e3 dxe3 13. Bxe3 c6 14. Nc3 Bf5 15. Qd2 Nf6 16. Rbe1 d5 17. cxd5 Nxd5 18. Nxd5 cxd5 {½-½ (48) Vachier Lagrave,M (2686)-Bacrot,E (2713) Pau 2012}) 12. e3 dxe3 13. Bxe3 {White has an edge.} c6 14. Nc3 Nf6 15. Qb3 Bf5 16. Rbd1 Qd7 $146 ({Predecessor:} 16... Qc8 17. Na4 Nd7 18. d4 Rb8 {1-0 (47) Splichal,S-Jurasek,M (2240) Czechia 1995}) 17. Rfe1 Bh3 18. Bd4 Bxg2 19. Kxg2 Rfe8 20. Ne4 a4 21. Qc2 Nxe4 22. dxe4 Qe6 (22... Re6 $11) 23. Bxg7 $14 Kxg7 24. Re3 {[%cal Be1e3,Be3d3,Bd3d4][%mdl 32]} Qe5 25. Qd2 Re6 26. Qb4 b5 27. cxb5 Qxb5 28. Qc3+ Kg8 {The position is equal.} 29. Red3 Rd8 30. Rd4 c5 $1 {[%cal Rc5d4]} 31. Rc4 Rde8 32. Qc2 Qb7 {[%cal Re6e4]} 33. Rxa4 Rxe4 34. Rxe4 Rxe4 $11 {KQR-KQR} 35. Kg1 Qe7 36. b3 Re1+ 37. Rxe1 Qxe1+ 38. Kg2 Qa5 39. Qd3 {Precision: White = 51%, Black = 71%.} 1/2-1/2

[Event "World Team-ch 2017"]
[Site "Khanty-Mansyisk"]
[Date "2017.06.25"]
[Round "8"]
[White "Wei, Yi"]
[Black "Elsness, Frode"]
[Result "1-0"]
[WhiteElo "2728"]
[BlackElo "2466"]
[Annotator "TA"]
[PlyCount "63"]
[EventDate "2017.??.??"]
[EventType "team-tourn"]
[EventCountry "RUS"]
[SourceTitle "playchess.com"]
[Source "ChessBase"]
[SourceQuality "1"]
[WhiteTeam "CHN"]
[BlackTeam "NOR"]
[WhiteTeamCountry "CHN"]
[BlackTeamCountry "NOR"]

{[%evp 25,63,3,20,16,22,34,37,18,53,-13,3,-51,59,64,171,180,203,208,225,216,263,248,241,251,279,273,249,188,193,204,194,202,569,540,1723,1665,1667,1613,29984,29985]} 1. e4 e5 2. Nf3 Nc6 3. Bb5 a6 4. Ba4 Nf6 5. O-O Be7 6. Re1 b5 7. Bb3 O-O 8. a4 b4 9. d4 d6 10. dxe5 dxe5 11. Nbd2 {C88: Closed Ruy Lopez: Anti-Marshall Systems} Bc5 12. a5 h6 13. h3 Qe7 {LiveBook: 3 Games} 14. Bd5 Bb7 15. Nb3 {[#]} Ba7 $146 ({Predecessor:} 15... Rad8 16. Qd3 Ba7 17. c4 Nb8 18. Nh4 Nxd5 {½-½ (31) Svidler,P (2742)-Postny,E (2616) Novi Sad 2016}) 16. Qd3 Rfd8 17. c4 (17. Be3 $14) 17... Nb8 (17... bxc3 $5 18. bxc3 Nxd5 19. exd5 f5 $14) 18. Rd1 (18. Nh4 $11 c6 19. Nf5) 18... Nxd5 (18... Rd7 $15 19. Bxb7 Rxd3 20. Rxd3 Bxf2+ 21. Kxf2 Ra7) 19. cxd5 $14 {[%cal Bc4d5,Bd5d6][%mdl 32]} ({Reject} 19. exd5 $6 c6 $11) 19... c6 (19... Bc6 $14) 20. d6 $36 {[%mdl 2048] White is on the roll.} Qe6 21. Be3 Bxe3 22. Qxe3 {[#] Nc5 is the strong threat.} (22. fxe3 Nd7 $14) 22... Nd7 23. Nc5 Nxc5 24. Qxc5 Rab8 25. Nxe5 ({Much less strong is} 25. Qxe5 c5 $16) 25... Ba8 26. f4 Rb5 27. Qa7 Bb7 28. Rac1 f6 $2 {[#]} (28... Kh7 29. Qe3 Rxd6 30. Rxd6 Qxd6 31. Nxf7 Qf8) 29. Nxc6 Qxe4 30. Re1 Bxc6 31. Rxe4 Bxe4 32. Qe7 {Precision: White = 65%, Black = 31%.} 1-0

[Event "World Team-ch 2017"]
[Site "Khanty-Mansyisk"]
[Date "2017.06.25"]
[Round "8"]
[White "Fedoseev, Vladimir"]
[Black "Negi, Parimarjan"]
[Result "1-0"]
[WhiteElo "2703"]
[BlackElo "2670"]
[Annotator "TA"]
[PlyCount "161"]
[EventDate "2017.??.??"]
[EventType "team-tourn"]
[EventCountry "RUS"]
[SourceTitle "playchess.com"]
[Source "ChessBase"]
[SourceQuality "1"]
[WhiteTeam "RUS"]
[BlackTeam "IND"]
[WhiteTeamCountry "RUS"]
[BlackTeamCountry "IND"]

{[%evp 19,161,15,23,0,12,0,19,19,19,16,21,17,18,12,43,24,24,24,24,24,21,36,45,47,76,3,5,7,27,0,5,5,12,17,18,17,14,14,16,16,50,20,69,76,68,54,62,43,71,74,62,76,65,62,60,-9,-6,-16,-16,-16,-16,-13,-16,-17,-18,-21,55,55,55,51,47,52,98,95,141,136,165,157,143,149,174,172,181,181,248,236,236,250,248,72,70,25,29,8,11,18,1004,947,666,436,12824,1415,845,745,12837,12837,12840,12840,12841,12841,12841,12842,12843,12843,12843,12843,12844,12844,12846,12847,12847,12847,12848,12848,12850,12849,12850,29984,12850,29985,12851,29986,12851,29988,12851,29983,29986,29983,29993,29994,29995,29996,29996,29997]} 1. e4 e5 2. Nf3 Nc6 3. Bc4 Bc5 4. d3 Nf6 5. O-O d6 6. a4 h6 7. c3 a6 8. Re1 {C54: Giuoco Piano: 4 c3 Nf6, main lines with 5 d4 and 5 d3} O-O 9. h3 Re8 10. Nbd2 Ba7 {LiveBook: 20 Games} 11. Qb3 $146 ({Predecessor:} 11. b4 Be6 12. Bxe6 Rxe6 13. Qc2 Qd7 14. Nf1 d5 15. Ng3 Rd8 {0-1 (49) Sethuraman,S (2623)-Inarkiev,E (2723) Moscow 2017}) 11... Qe7 12. a5 Rb8 13. Nf1 Be6 14. Be3 Bxc4 15. Qxc4 Qd7 16. b4 Qe6 (16... Rbd8 {is more complex.} 17. Bxa7 Nxa7 18. Ne3 c6 19. Qb3 d5) 17. Qxe6 Rxe6 18. Bxa7 Nxa7 19. Ne3 Rd8 20. c4 c6 21. Nd2 d5 22. exd5 (22. Nb3 $1 $16) 22... cxd5 $11 23. Nb3 g6 24. Reb1 Re7 25. Nc5 Rc7 26. Na4 d4 27. Nf1 e4 28. Nd2 exd3 29. Nb2 Nc8 30. Ra3 Nd6 31. Rxd3 Nde4 32. Nb3 Nc3 33. Re1 Na2 34. b5 $1 (34. Nxd4 Rcd7 $15) (34. Rxd4 Rxd4 35. Nxd4 Nxb4 $15) 34... axb5 35. cxb5 {[%cal Bc4b5,Bb5b6][%mdl 32]} Rd5 36. b6 $1 {[%cal Rb6c7]} Rc3 $1 (36... Rc2 37. a6 $16) 37. Re7 (37. a6 $1 $14 bxa6 38. Nxd4 Rxd3 39. b7 R3xd4 40. b8=Q+ Kg7 41. Re7) 37... Nb4 38. Rf3 Rxf3 39. gxf3 Nd7 40. Re8+ $1 Kg7 41. Rc8 Nc6 42. Rc7 Nxb6 (42... Nc5 $11) 43. Rxb7 $14 (43. axb6 Rb5 $15) 43... Nc8 44. Nc4 d3 45. a6 Nd4 {Strongly threatening ...Rg5+.} 46. Nbd2 Nb5 47. f4 Rc5 48. Kg2 $1 g5 49. Kf3 gxf4 50. Kxf4 h5 51. h4 Kh6 (51... Rd5 {was worth a try.} 52. f3 Nbd6) 52. Ke3 $1 $18 Nba7 53. Rxf7 Rc6 {[#]} 54. Ne5 $2 (54. f4 $1 $18 {has better winning chances.}) 54... Rxa6 $16 55. Ne4 (55. Ndf3 $5 {[%cal Rf3g5]} Re6 56. Rc7 $16 (56. Kxd3 Ne7 $16)) 55... Re6 $1 {[%cal Re6e5]} 56. f4 ({Much weaker is} 56. Nxd3 Rxe4+ 57. Kxe4 Nd6+ 58. Kd5 Nxf7 $15) 56... Nc6 57. Nxc6 Rxc6 $2 $11 {[%mdl 12288] Endgame KRN-KRN} (57... d2 $11 58. Kxd2 Rxe4) 58. f5 $18 {Ng5 would kill now.} Rc4 59. Kxd3 {Black must now prevent Rf6+.} Ra4 ({Stronger than} 59... Rxe4 60. Rf6+ Kg7 61. Rg6+ Kf7 62. Kxe4) (59... Rb4 $142 60. Rf8 Nb6) 60. Rc7 Na7 61. Rb7 Nc8 62. Rb8 Na7 63. Rg8 Ra6 64. f6 Nc6 {[#]} 65. Nd6 $1 {[%cal Rd6f7]} Ra7 66. Ke4 Kh7 67. Rc8 Ra4+ 68. Kd5 Kg6 69. f7 Ne7+ 70. Ke6 Nxc8 71. f8=Q {White threatens Qg8+ and mate.} Nxd6 {KQ-KRN} 72. Qg8+ Kh6 73. Qg5+ Kh7 74. Qxh5+ Kg7 75. Qg5+ (75. Kxd6 $18 Ra6+ 76. Kd7 Ra7+ 77. Kd8 Ra8+ 78. Kc7 Ra7+ 79. Kb8) 75... Kh7 76. Qe7+ (76. Kxd6 $18 Ra6+ 77. Kd7 Ra7+ 78. Kc6) 76... Kg6 77. Kxd6 Rg4 {White mates.} 78. Ke5 Kh6 79. Qf8+ Kh5 80. Qh8+ Kg6 81. Qg8+ {Precision: White = 69%, Black = 51%.} 1-0

[Event "World Team-ch 2017"]
[Site "Khanty-Mansyisk"]
[Date "2017.06.25"]
[Round "8"]
[White "Duda, Jan-Krzysztof"]
[Black "Kovalev, Vladislav"]
[Result "1/2-1/2"]
[WhiteElo "2697"]
[BlackElo "2641"]
[Annotator "TA"]
[PlyCount "94"]
[EventDate "2017.??.??"]
[EventType "team-tourn"]
[EventCountry "RUS"]
[SourceTitle "playchess.com"]
[Source "ChessBase"]
[SourceQuality "1"]
[WhiteTeam "POL"]
[BlackTeam "BLR"]
[WhiteTeamCountry "POL"]
[BlackTeamCountry "BLR"]

{[%evp 12,94,37,0,8,-5,-17,-8,-6,-20,-22,-29,-27,-40,0,-14,6,0,19,0,0,0,7,-1,2,0,0,0,0,0,0,-50,-52,-233,-228,-260,-114,-188,-200,-171,-81,-86,-66,-66,-67,-72,-87,-87,-66,-66,-64,-66,-66,-66,-74,-74,-60,-74,-75,-66,0,-66,0,-65,-49,-148,0,0,0,0,0,0,0,0,0,0,0,0,0,0,0,0,0,0,0]} 1. Nf3 Nf6 2. g3 g6 3. Bg2 Bg7 4. O-O O-O 5. c4 d6 6. Nc3 e5 7. b4 Nc6 {A24: English Opening vs King's Indian: Lines without ...Nc6} 8. b5 Nd4 9. Bb2 Bg4 10. Ne1 Qc8 11. d3 $146 ({Predecessor:} 11. f3 Bh3 12. e3 Bxg2 13. Nxg2 Ne6 14. d3 c6 {½-½ (31) Polugaevsky,L (2605)-Van Wely,L (2585) Groningen 1993}) 11... a6 12. Nc2 Nxc2 13. Qxc2 axb5 14. cxb5 Bh3 15. a4 Bxg2 16. Kxg2 d5 {[%cal Bd6d5,Bd5d4,Bd4e3][%mdl 32]} 17. Rfc1 Bh6 $36 {[%mdl 2048] Black is more active.} 18. e3 d4 19. Ne4 Nd5 $1 20. Qb3 c6 $1 21. Rc5 dxe3 22. Bc1 $2 (22. Bxe5 $15 Qe6 23. Rxd5 cxd5 24. Nf6+ Kh8 25. Qb2) 22... Qe6 $19 23. Qc4 {[%cal Rb5c6]} Rfc8 (23... f5 $19 24. Nc3 Rfc8 25. bxc6 bxc6) 24. a5 {[#]} (24. bxc6 $17 {was called for.} bxc6 25. Qa2) 24... Bf8 $1 {[%cal Rf8c5]} 25. bxc6 bxc6 (25... Bxc5 $19 {has better winning chances.} 26. cxb7 Bd4) 26. Bxe3 $17 Nxe3+ (26... h6 {seems wilder.} 27. a6 f5 28. Nd2 f4 29. gxf4 Bxc5 30. Bxc5 Nxf4+ 31. Kg1 Qxc4 32. Nxc4 Nxd3 33. Be3 Rc7) 27. fxe3 Bxc5 28. Qxe6 fxe6 29. Nxc5 $19 {[%mdl 4096] Endgame KRR-KRN} Rd8 {Strongly threatening ...Rd5.} 30. a6 Kf7 31. Kf3 Rd5 32. Rc1 Ke7 33. Ke4 Kd6 34. Nb7+ Kc7 35. Nc5 Kd6 36. Nb7+ Kc7 37. Nc5 Re8 38. Na4 {[#]} ({White should try} 38. h4 $15) 38... Rb5 (38... Rb8 $1 $17 {[%cal Rb8b4] aiming for ...Rb4+.} 39. Nc5 Rb4+ 40. Kf3 Kb6) 39. Nc5 $11 {The position is equal.} Kd6 40. Nb7+ Kc7 41. Nc5 Kb6 42. Nd7+ Kxa6 43. Rxc6+ Kb7 44. Rc2 Rc8 45. Rf2 Kc6 46. Nxe5+ Kd6 47. d4 Rb7 {Precision: White = 37%, Black = 50%.} 1/2-1/2

[Event "World Team-ch 2017"]
[Site "Khanty-Mansyisk"]
[Date "2017.06.25"]
[Round "8"]
[White "Vidit, Santosh Gujrathi"]
[Black "Svidler, Peter"]
[Result "1/2-1/2"]
[WhiteElo "2692"]
[BlackElo "2756"]
[Annotator "TA"]
[PlyCount "129"]
[EventDate "2017.??.??"]
[EventType "team-tourn"]
[EventCountry "RUS"]
[SourceTitle "playchess.com"]
[Source "ChessBase"]
[SourceQuality "1"]
[WhiteTeam "IND"]
[BlackTeam "RUS"]
[WhiteTeamCountry "IND"]
[BlackTeamCountry "RUS"]

{[%evp 19,129,27,33,21,27,3,3,6,0,0,10,0,24,25,28,30,23,12,12,12,12,18,19,11,12,28,80,77,85,0,0,0,0,0,0,0,14,12,12,13,76,77,75,67,81,81,78,77,87,77,60,12,165,172,286,261,283,255,184,0,0,0,42,0,0,0,0,0,0,0,168,185,525,513,830,775,1085,1086,1086,1061,837,814,814,0,80,0,0,0,0,0,0,0,0,0,0,0,0,0,0,0,0,0,0,0,0,0,0,0,0,0,0,0]} 1. d4 Nf6 2. c4 g6 3. g3 c6 4. Bg2 d5 5. Nf3 Bg7 6. b3 O-O 7. O-O Ne4 8. Bb2 Bf5 9. e3 {D78: Fianchetto Grünfeld: 6 0-0 c6} (9. Nbd2 Nd7 10. Nh4 Nxd2 11. Qxd2 Be6 12. Nf3 dxc4 13. Ng5 Bh6 14. h4 cxb3 15. Qc3 Bxg5 16. hxg5 f6 17. axb3 Qb6 18. b4 Rad8 19. e4 Nb8 {½-½ (41) Vitiugov,N (2731)-Shirov,A (2664) Sochi 2017}) 9... Nd7 10. Qe2 a5 {LiveBook: 15 Games} 11. cxd5 {White is slightly better.} cxd5 12. Nc3 Nxc3 13. Bxc3 Qb6 {[#]} 14. Rfc1 $146 ({Predecessor:} 14. Nd2 Nf6 15. Rfc1 Rfc8 16. Bf1 {½-½ (16) Drasko,M (2545)-Barlov,D (2500) Kladovo 1994}) 14... Rfc8 15. Ne1 e5 (15... Nf6 {keeps more tension.} 16. Nd3 Qa6 17. Bf1 Ne4 18. Be1 Ng5) 16. dxe5 {aiming for Bd4.} Rxc3 $1 17. Rxc3 Bxe5 18. Rac1 {Hoping for Rc8+.} Bxc3 19. Rxc3 d4 20. exd4 Qxd4 21. Bxb7 Qxc3 22. Bxa8 Ne5 (22... Nf6 $11) 23. Kg2 h5 24. Nf3 ({White should play} 24. Be4 $16) 24... Qc8 $1 $11 25. Kg1 Bh3 26. Qxe5 Qxa8 27. Ne1 Qa6 {[%csl Gh3][%cal Ra6f1]} 28. Qe8+ Kg7 {[%csl Gh3][%cal Ra6f1]} 29. Ng2 g5 (29... Qf6 $11) 30. Qe5+ $16 f6 31. Qe7+ Kg6 32. Qe4+ Kg7 33. Ne3 $1 Qc8 34. Qc2 Qb7 35. Qd1 Qe4 $2 (35... Qb4 $11) 36. Qxh5 $18 Qb1+ (36... Be6 {was necessary.}) 37. Qd1 $1 {[%cal Rd1b1]} Qxa2 38. g4 Qb2 39. Nf5+ $2 ({White should try} 39. f3 $18) 39... Kg6 $11 40. Nd6 {Strongly threatening Qd3+.} Kh6 41. Nf5+ Kg6 42. Ng3 {Black must now prevent Qd3+.} Kg7 43. Nf1 Qe5 44. Ne3 Qc5 $2 (44... Qb2 $11 {and Black is okay.}) 45. Qd2 $1 $18 Qa3 $2 (45... Kf7 {is tougher.} 46. f3 (46. Qd7+ Kf8 $16) 46... Ke8) 46. Qc3 a4 (46... Bxg4 $142 47. Nxg4 Qd6) 47. Nf5+ Kf8 48. Qc8+ ({Weaker is} 48. Qxh3 Qc1+ 49. Kg2 Qc6+ 50. Kg3 Qc7+ 51. Kg2 Qc6+ 52. Kg3 Qc7+ 53. Kg2 Qc6+ $11) 48... Kf7 49. Qd7+ Kf8 {[#]} 50. Qd8+ $1 Kf7 51. Qd7+ $2 (51. Qc7+ $18 {is more deadly.} Ke6 52. Qc6+ Kf7 53. Nd6+ Kg6 54. Qe8+ Kh7 55. Qf7+ Kh8 56. Qxf6+ Kh7 57. Qf7+ Kh8 58. Qf8+ Kh7 59. Qe7+ Kg8 60. Qxg5+ Kh7 61. Qh5+ Kg7 62. Qe5+ Kh7 63. Qh5+ Kg7 64. Qf7+ Kh8 65. Qf6+ Kh7 66. Qe7+ Kg8 67. Qe6+ Kh7 68. Qf7+ Kh8 69. Qh5+ Kg7) 51... Kf8 $16 {[#]} 52. Qg7+ (52. Qd1 $1 $16 {[%cal Rd1d8] Threatens to win with Qd8+.} Ke8 53. bxa4) 52... Ke8 $11 {[%cal Ra3c1] The position is equal.} 53. Qh8+ Kd7 $1 {[%cal Ra3c1]} 54. Qh7+ Kd8 $1 {[%cal Ra3c1]} 55. Qh8+ Kd7 $1 {[%cal Ra3c1]} 56. Qh7+ Kd8 $1 {[%cal Ra3c1]} 57. Qg8+ Kc7 {[%cal Ra3c1]} 58. Qf7+ Kb8 {[%cal Ra3c1]} 59. Qg8+ Kc7 {[%cal Ra3c1]} 60. Qc4+ Kb8 61. Qb5+ Kc7 62. Qa5+ Kb7 63. Qd5+ Kc7 64. Qc4+ Kb8 {( -> ...Qa1+)} 65. Qg8+ {Precision: White = 65%, Black = 51%.} 1/2-1/2

[Event "World Team-ch 2017"]
[Site "Khanty-Mansyisk"]
[Date "2017.06.25"]
[Round "8"]
[White "Shankland, Samuel L"]
[Black "Ponomariov, Ruslan"]
[Result "1/2-1/2"]
[WhiteElo "2676"]
[BlackElo "2712"]
[Annotator "TA"]
[PlyCount "55"]
[EventDate "2017.??.??"]
[EventType "team-tourn"]
[EventCountry "RUS"]
[SourceTitle "playchess.com"]
[Source "ChessBase"]
[SourceQuality "1"]
[WhiteTeam "USA"]
[BlackTeam "UKR"]
[WhiteTeamCountry "USA"]
[BlackTeamCountry "UKR"]

{[%evp 19,55,35,39,27,27,22,35,37,45,42,51,50,57,38,49,48,53,53,66,44,50,15,22,17,40,19,36,13,12,11,21,-19,0,0,31,-7,0,0]} 1. e4 e5 2. Nf3 Nc6 3. Bb5 {[%cal Bf1b5,Bb5a4,Ba4b3][%mdl 32]} a6 4. Ba4 Nf6 5. O-O Be7 6. Re1 b5 7. Bb3 d6 8. c3 O-O 9. h3 Nb8 10. d4 Nbd7 11. Bc2 {C95: Closed Ruy Lopez: Breyer Variation with 10 d4} (11. Nbd2 c5 12. Bc2 cxd4 13. cxd4 exd4 14. Nxd4 Bb7 15. Nf5 Re8 16. Nb3 Bf8 17. Nxd6 Bxd6 18. Qxd6 Bxe4 19. Bxe4 Nxe4 {½-½ (42) Sutovsky,E (2646)-Ponomariov,R (2712) Minsk 2017}) 11... c5 12. d5 a5 $146 ({Predecessor:} 12... Nb6 13. b3 Bd7 14. Be3 Qc7 15. Qe2 Nxe4 16. Bxe4 f5 17. Bc2 e4 18. Ng5 Nxd5 19. Nxh7 Kxh7 20. Bxe4 {½-½ (49) Schlenther,M (2361)-Pedro,F (2106) LSS email 2013}) 13. b3 {White is slightly better.} Ne8 14. c4 b4 15. a3 Rb8 16. Kh1 Ndf6 17. Nbd2 g6 18. Nf1 Ng7 19. Be3 Kh8 20. axb4 axb4 21. Qd2 Ng8 22. Ra7 Rb7 23. Rxb7 (23. Ra8 {with more complications.} f5 24. exf5 gxf5 25. Ng3 Qc7 26. Bg5) 23... Bxb7 24. Ng3 Bc8 25. Ng1 Bh4 26. Nf3 Be7 27. Ng1 Bh4 28. Nf3 {Precision: White = 51%, Black = 50%.} 1/2-1/2

[Event "World Team-ch 2017"]
[Site "Khanty-Mansyisk"]
[Date "2017.06.25"]
[Round "8"]
[White "Akobian, Varuzhan"]
[Black "Moiseenko, Alexander"]
[Result "0-1"]
[WhiteElo "2673"]
[BlackElo "2675"]
[Annotator "TA"]
[PlyCount "109"]
[EventDate "2017.??.??"]
[EventType "team-tourn"]
[EventCountry "RUS"]
[SourceTitle "playchess.com"]
[Source "ChessBase"]
[SourceQuality "1"]
[WhiteTeam "USA"]
[BlackTeam "UKR"]
[WhiteTeamCountry "USA"]
[BlackTeamCountry "UKR"]

{[%evp 18,109,6,-2,34,29,33,35,43,42,28,44,50,16,31,22,18,8,13,8,8,6,8,13,11,0,36,35,45,24,24,9,11,7,33,25,25,29,25,12,12,12,12,12,12,12,15,12,13,6,4,0,7,0,0,0,0,0,0,-17,-17,-17,-17,-20,-13,-50,-11,-11,-11,-11,-11,-11,-11,-11,-11,-11,-11,-43,-43,-43,-43,-43,-43,-43,-43,-43,-43,-43,-43,-43,-43,-43,-43,-56]} 1. d4 Nf6 2. c4 e6 3. Nc3 Bb4 4. Qc2 O-O 5. a3 Bxc3+ 6. Qxc3 b6 7. Bg5 Bb7 8. e3 d6 {E32: Nimzo-Indian: Classical (4 Qc2): 4...0-0} 9. Ne2 Nbd7 10. Qc2 {LiveBook: 265 Games} Re8 {The position is equal.} (10... c5 11. Rd1 Qc7 12. Nc3 cxd4 13. Rxd4 d5 14. cxd5 Bxd5 15. e4 Bb7 16. Be2 {½-½ (53) Laznicka,V (2651)-Karpov,A (2628) Germany 2017}) 11. Nc3 Nf8 12. f3 h6 13. Bh4 Ng6 14. Bf2 c5 15. Rd1 Qe7 $146 ({Predecessor:} 15... cxd4 16. Rxd4 Qe7 {1-0 (38) Ristic,N (2374)-Alishani,I (2154) Obrenovac 2008}) 16. Be2 cxd4 17. Rxd4 d5 18. cxd5 Nxd5 19. Nxd5 Bxd5 20. O-O Rec8 21. Qa4 Ne5 (21... a6 $5) 22. e4 Bc6 23. Qb4 Qxb4 24. Rxb4 Be8 25. Bg3 Nc6 (25... Rc2 {keeps more tension.} 26. Bxe5 Rxe2 27. Rc1 Rd2 28. Bf4 Rd3) 26. Rc4 Na5 27. Rxc8 Rxc8 28. Rd1 Ba4 29. Rd4 Bb3 30. h4 Bc4 31. Bd1 Bb3 32. Bxb3 Nxb3 $11 {[%mdl 4096] Endgame KRB-KRN} 33. Rd7 Rc1+ 34. Kh2 Rc2 $1 35. Rxa7 Rxb2 36. Ra8+ Kh7 37. Rf8 {[#] aiming for Be5.} (37. Be5 $5 {[%cal Re5b2]} Ra2 38. Ra7 $14) 37... f6 38. Bf4 (38. e5 $5 {[%cal Re5f6]} f5 39. h5 $11) 38... Nd4 {Threatens to win with ...Nxf3+.} 39. Kh3 $1 e5 40. Bc1 Ra2 41. Be3 Rxa3 (41... Nc2 {looks sharper.} 42. Bf2 b5 43. Rb8 Nxa3 44. Bc5 Nc2) 42. Bxd4 $1 exd4 $15 {KR-KR} 43. Rb8 Rb3 44. Rd8 d3 45. h5 Rc3 46. Kg4 b5 {[%cal Bb6b5,Bb5b4,Bb4b3][%mdl 32]} 47. Kf4 b4 {Black is slightly better.} 48. Ke3 b3 49. Rb8 {[#]} d2+ $1 {[%mdl 512]} 50. Kxd2 Rc2+ 51. Ke3 Rxg2 52. f4 Rg3+ 53. Kd4 Rf3 54. f5 Rh3 55. Rb7 {Precision: White = 63%, Black = 77%.} 0-1